| 000 | 00834nmc a2200289 a 4500 | ||
|---|---|---|---|
| 003 | AR-BaBNM | ||
| 005 | 20251128210938.0 | ||
| 008 | 221120s2001 ||||||||||||||000 | spa|| | ||
| 020 | _a84-95456-60-5 | ||
| 040 | _cAR-BaBNM | ||
| 100 | 1 | _aLoeschnig, Louis V. | |
| 245 | 1 | 0 | _aExperimentos sencillos de geología y biología |
| 260 |
_aBarcelona _bOniro _c2001 |
||
| 300 |
_a124 p. _bil., tablas |
||
| 490 | 0 |
_aEl juego de la ciencia _vv. 4 |
|
| 650 | 4 | _aGEOLOGIA | |
| 650 | 4 | _aBIOLOGIA | |
| 650 | 4 | _aEXPERIMENTOS CIENTIFICOS | |
| 650 | 4 | _aEXPERIMENTOS DE LABORATORIO | |
| 650 | 4 | _aACTIVIDADES DE APRENDIZAJE | |
| 653 | _aENSEÑANZA DE LAS CIENCIAS NATURALES | ||
| 653 | _aEDUCACION GENERAL BASICA | ||
| 700 | 1 |
_aZweifel, Frances _eilustrador |
|
| 800 | 1 |
_aFrabetti, Carlo _edirector |
|
| 942 | _cBK | ||
| 998 | _cRAQUEL | ||
| 999 |
_c17580 _d17580 |
||